|
|
|
|
| LEADER |
02868nam a22004815i 4500 |
| 001 |
978-3-540-32039-5 |
| 003 |
DE-He213 |
| 005 |
20151116135425.0 |
| 007 |
cr nn 008mamaa |
| 008 |
100713s2005 gw | s |||| 0|eng d |
| 020 |
|
|
|a 9783540320395
|9 978-3-540-32039-5
|
| 024 |
7 |
|
|a 10.1007/b136153
|2 doi
|
| 040 |
|
|
|d GrThAP
|
| 050 |
|
4 |
|a QA76.758
|
| 072 |
|
7 |
|a UMZ
|2 bicssc
|
| 072 |
|
7 |
|a COM051230
|2 bisacsh
|
| 082 |
0 |
4 |
|a 005.1
|2 23
|
| 245 |
1 |
0 |
|a Rapid Integration of Software Engineering Techniques
|h [electronic resource] :
|b First International Workshop, RISE 2004, Luxembourg-Kirchberg, Luxembourg, November 26, 2004. Revised Selected Papers /
|c edited by Nicolas Guelfi.
|
| 264 |
|
1 |
|a Berlin, Heidelberg :
|b Springer Berlin Heidelberg,
|c 2005.
|
| 300 |
|
|
|a X, 145 p.
|b online resource.
|
| 336 |
|
|
|a text
|b txt
|2 rdacontent
|
| 337 |
|
|
|a computer
|b c
|2 rdamedia
|
| 338 |
|
|
|a online resource
|b cr
|2 rdacarrier
|
| 347 |
|
|
|a text file
|b PDF
|2 rda
|
| 490 |
1 |
|
|a Lecture Notes in Computer Science,
|x 0302-9743 ;
|v 3475
|
| 505 |
0 |
|
|a Integration of Software Engineering Techniques Through the Use of Architecture, Process, and People Management: An Experience Report -- Integration of Software Engineering Techniques Through the Use of Architecture, Process, and People Management: An Experience Report -- Supporting Virtual Interaction Objects with Polymorphic Platform Bindings in a User Interface Programming Language -- Towards a Methodology for Component-Driven Design -- Automatic Translation of Service Specification to a Behavioral Type Language for Dynamic Service Verification -- A Symbolic Model Checker for tccp Programs -- A Methodology and a Framework for Model-Based Testing -- An Exception Monitoring System for Java -- Distributed Exception Handling: Ideas, Lessons and Issues with Recent Exception Handling Systems -- A Model Based Approach to Design Applications for Network Processor -- A MOF-Based Metamodel for SA/RT -- Modelling SystemC Process Behavior by the UML Method State Machines -- My Favorite Editor Anywhere -- Invited Paper -- Combining System Development and System Test in a Model-Centric Approach.
|
| 650 |
|
0 |
|a Computer science.
|
| 650 |
|
0 |
|a Software engineering.
|
| 650 |
|
0 |
|a Computer logic.
|
| 650 |
|
0 |
|a Management information systems.
|
| 650 |
1 |
4 |
|a Computer Science.
|
| 650 |
2 |
4 |
|a Software Engineering.
|
| 650 |
2 |
4 |
|a Logics and Meanings of Programs.
|
| 650 |
2 |
4 |
|a Management of Computing and Information Systems.
|
| 700 |
1 |
|
|a Guelfi, Nicolas.
|e editor.
|
| 710 |
2 |
|
|a SpringerLink (Online service)
|
| 773 |
0 |
|
|t Springer eBooks
|
| 776 |
0 |
8 |
|i Printed edition:
|z 9783540258124
|
| 830 |
|
0 |
|a Lecture Notes in Computer Science,
|x 0302-9743 ;
|v 3475
|
| 856 |
4 |
0 |
|u http://dx.doi.org/10.1007/b136153
|z Full Text via HEAL-Link
|
| 912 |
|
|
|a ZDB-2-SCS
|
| 912 |
|
|
|a ZDB-2-LNC
|
| 950 |
|
|
|a Computer Science (Springer-11645)
|